[Event "Niedersachsen-chT U16"]
[Site "Rotenburg"]
[Date "2000.06.18"]
[Round "6.3"]
[White "Friesen, Kevin"]
[Black "Fimmen, Soenke"]
[Result "0-1"]
[WhiteElo "751"]
[BlackElo "1284"]
[PlyCount "66"]
[EventDate "2000.06.16"]
[EventType "team"]
[EventRounds "7"]
[EventCountry "GER"]
[SourceTitle "EXT 2003"]
[Source "ChessBase"]
[SourceDate "2002.11.25"]
[SourceVersion "1"]
[SourceVersionDate "2002.11.25"]
[SourceQuality "1"]

1. e4 e5 2. Nf3 Nc6 3. Bc4 Bc5 4. c3 Nf6 5. d4 exd4 6. cxd4 Bb4+ 7. Bd2 Bxd2+ 8. Nbxd2 Na5 9. Qa4 Nxc4 10. Qxc4 d5 11. exd5 Nxd5 12. 0-0 0-0 13. Ne4 Be6 14. Neg5 Bf5 15. Rae1 c6 16. Re5 Bg6 17. Nh4 f6 18. Ne6 Qe8 19. Nc7 Qd7 20. Nxd5 Bf7 21. Nf5 fxe5 22. Nde7+ Kh8 23. Qc3 Be6 24. Re1 Bxf5 25. Rxe5 Bg6 26. Nxg6+ hxg6 27. Qg3 Qf7 28. Re4 Rae8 29. Rh4+ Kg8 30. f3 Qe6 31. Re4 Qf7 32. Qh4 Rxe4 33. Qxe4 Re8 0-1

[Event "Niedersachsen-chT U16"]
[Site "Rotenburg"]
[Date "2000.06.16"]
[Round "1.3"]
[White "Gueth, Andreas"]
[Black "Friesen, Kevin"]
[Result "1-0"]
[WhiteElo "1659"]
[BlackElo "751"]
[PlyCount "39"]
[EventDate "2000.06.16"]
[EventType "team"]
[EventRounds "7"]
[EventCountry "GER"]
[SourceTitle "EXT 2003"]
[Source "ChessBase"]
[SourceDate "2002.11.25"]
[SourceVersion "1"]
[SourceVersionDate "2002.11.25"]
[SourceQuality "1"]

1. e4 d5 2. exd5 Qxd5 3. Nc3 Qa5 4. d4 Nf6 5. Nf3 Bg4 6. h3 Bf5 7. Bd2 Nc6 8. Nb5 Qb6 9. c4 0-0-0 10. c5 Qa6 11. Nd6+ exd6 12. Bxa6 bxa6 13. Qa4 Nb8 14. cxd6 Bxd6 15. 0-0 Rhe8 16. Rac1 Ne4 17. Qa5 Bd7 18. Bb4 Bb5 19. Bxd6 Nc6 20. Qxc7# 1-0